=LDR 00000nam 2200000 4500 =001 INLIS000000000036085 =005 20221107082315 =035 ##$$a 0010-061300000036085 =008 221107################g##########0#ind## =041 ##$$a Ind =082 ##$$a F Rom K =090 ##$$a F Rom K, Gee j =100 ##$$a Geerts, Andre =245 1#$$a Jojo sahabat sejati, /$c Andre Greerts ; alih bahasa, Achmad Farhandi Yasa Saputra; Editor, Maria Adisrstika =260 ##$$a Jakarta :$b Gramedia,$c 2011 =300 ##$$a 47 hlm : $b Ilus ; $c 24 cm =650 #4$$a Fiksi kanak-kanak =700 #$$a Saputra, Achmad =850 ##$$a NBPNMAT =020 ##$$a 978-979-27-9919-4 =084 ##$$a F Rom K GEE j =990 ##$$a 21400613/BPAP-NTB/20142014 =990 ##$$a 0001/BPAP-NTB/20142014 =990 ##$$a 21100959 =990 ##$$a 21400613/BPAP-NTB/20142014 =990 ##$$a 21100958 =990 ##$$a 21100959